Answers Start With "Cor-" - Statistics

General Stats
  • This quiz has been taken 64 times
  • The average score is 13 of 20
Answer Stats
Hint Answer % Correct
Free from error; accurate correct
96%
Dead body corpse
93%
Bark used for bottle stoppers cork
88%
Fitted undergarment that shapes the waist corset
84%
Military rank corporal
79%
Long hallway or passageway corridor
79%
Chemically destructive to materials corrosive
75%
Pen or enclosure for livestock corral
72%
Morally rotten; dishonest or tainted corrupt
72%
Friendly and warm in manner cordial
70%
Relating to arteries of the heart coronary
67%
Ridged fabric corduroy
61%
To confirm with supporting evidence corroborate
56%
Grooved like wavy cardboard corrugated
51%
Very fat corpulent
47%
To have a mutual relationship; vary together correlate
47%
A crown for non-reigning royalty coronet
44%
Pirate corsair
33%
Proposition deduced from another proposition corollary
23%
Gem mineral of ruby and sapphire corundum
23%
No matching quizzes found
Score Distribution
Percent of People with Each Score
Percentile by Number Answered
Your Score History
You have not taken this quiz